To the lighthouse / (Record no. 2545)

MARC details
000 -LEADER
fixed length control field 01532cgm a22003015a 4500
001 - CONTROL NUMBER
control field 2545
003 - CONTROL NUMBER IDENTIFIER
control field FISKH
005 - DATE AND TIME OF LATEST TRANSACTION
control field 20231214160837.0
008 - FIXED-LENGTH DATA ELEMENTS--GENERAL INFORMATION
fixed length control field 980319r19851983xx 120 vleng
010 ## - LIBRARY OF CONGRESS CONTROL NUMBER
LC control number 98504190
020 ## - INTERNATIONAL STANDARD BOOK NUMBER
International Standard Book Number 9780007934416
040 ## - CATALOGING SOURCE
Original cataloging agency DLC
Transcribing agency DLC
Modifying agency DLC
Description conventions amim
Modifying agency DLC
Language of cataloging eng
050 ## - LIBRARY OF CONGRESS CALL NUMBER
Classification number 823.912
082 ## - DEWEY DECIMAL CLASSIFICATION NUMBER
Classification number PR6045.O72
100 ## - MAIN ENTRY--PERSONAL NAME
Personal name Woolf, Virginia
245 00 - TITLE STATEMENT
Title To the lighthouse /
Statement of responsibility, etc. Virginia Woolf
260 ## - PUBLICATION, DISTRIBUTION, ETC.
Place of publication, distribution, etc. London :
Name of publisher, distributor, etc. Harper Press,
Date of publication, distribution, etc. 2013
300 ## - PHYSICAL DESCRIPTION
Extent 222 pages :
Dimensions 18 cm
508 ## - CREATION/PRODUCTION CREDITS NOTE
Creation/production credits note Rosemary Harris, Michael Gough (Mr. Ramsay), Kenneth Branagh.
520 ## - SUMMARY, ETC.
Summary, etc. The subject of this extraordinary novel is the daily life of an English family in the Hebrides. "Radiant as [To the Lighthouse] is in its beauty, there could never be a mistake about it: here is a novel to the last degree severe and uncompromising. I think that beyond being about the very nature of reality, it is itself a vision of reality."-Eudora Welty, from her Introduction.
541 ## - IMMEDIATE SOURCE OF ACQUISITION NOTE
Materials specified 1/2 in. viewing copy;
541 ## - IMMEDIATE SOURCE OF ACQUISITION NOTE
Materials specified 1/2 in. viewing copy, copy 2;
541 ## - IMMEDIATE SOURCE OF ACQUISITION NOTE
Materials specified 3/4 in. viewing copy;
655 #7 - INDEX TERM--GENRE/FORM
Genre/form data or focus term Television adaptations.
Source of term lcgft
655 #7 - INDEX TERM--GENRE/FORM
Genre/form data or focus term Family
Form subdivision Television series.
Source of term migfg
906 ## - LOCAL DATA ELEMENT F, LDF (RLIN)
a 0
b cbc
c orignew
d u
e ncip
f 19
g y-movingim
942 ## - ADDED ENTRY ELEMENTS (KOHA)
Source of classification or shelving scheme Dewey Decimal Classification
Koha item type Books
Suppress in OPAC No
Holdings
Withdrawn status Lost status Source of classification or shelving scheme Damaged status Not for loan Collection Home library Current library Shelving location Date acquired Total Checkouts Full call number Barcode Date last seen Date last checked out Price effective from Koha item type
    Dewey Decimal Classification     Fiction Footprints International School Library Network Toul Kork Campus Footprints International School Library Network Toul Kork Campus   12/14/2023 1 WOO Fic PR6045.O72 FISSE03066 11/26/2024 08/22/2024 12/14/2023 Books